BIBLIOTHÈQUE DE LA MAISON DU MEXIQUE

Logo 1 Logo 2

Fugitivos de la vida (notice nᵒ 6909)

détails MARC
000 -Sello discográfico
campo de control de longitud fija 01080nam a2200337 4500
005 - Identificación de versión
campo de control 20251016084736.0
010 ## - Número Estándar Internacional de Libros (ISBN)
Número (ISBN) 84-375-0044-3
099 ## - fechas locales
Tipo de ítem Koha LIBRO
100 ## - Datos de procesamiento general
Datos de procesamiento general 20231106d1975 m y1spay5003 ba
101 ## - Idioma del recurso
Idioma del texto, banda sonora, etc. Español; Castellano
Idioma de la obra original Inglés
105 ## - Campo de datos codificados: Material textual, monográfico
Datos codificados de monografía a 001zy
200 1# - Título y mención de responsabilidad
Título propio Fugitivos de la vida
Designación general del material texto impreso
Otra información del título la rehabilitación de niños perturbados emocionalmente
Primer mención de responsabilidad Bruno Bettelheim
Declaración de responsabilidad subsiguiente traducción Aurora Bórquez
205 ## - Declaración de edición
Declaración de edición 1a ed
210 ## - Publicación, distribución, etc.
Lugar de publicación, distribución, etc. Madrid
Nombre del editor, distribuidor, etc. Fondo de Cultura Económica
Fecha de publicación, distribución, etc. 1975
215 ## - Descripción física
Designación de material específico y extensión del ítem 535 p
Otras características físicas il.
Dimensiones 21 cm
345 ## - Nota de información de adquisición
Fuente de adquisición/dirección de la suscripción [OBSOLETO] Donación
410 #1 - Series
Título Biblioteca de Psicología y Psicoanálisis
454 #1 - Traducción de
Título Truants from life
606 ## - Término temático usado como materia
Elemento de entrada Psiquiatría infantil
Número Koha 12961
606 ## - Término temático usado como materia
Elemento de entrada Rehabilitación
Número Koha 12962
660 ## - Código de área geográfica
Código MX
700 ## - Nombre personal - Responsabilidad primaria
Elemento de entrada Bettelheim
Parte del nombre distinta del elemento de entrada Bruno
Fechas 1903-1990
Número Koha 12963
702 ## - Nombre personal - Responsabilidad secundaria
Elemento de entrada Bórquez
Parte del nombre distinta del elemento de entrada Aurora
Número Koha 12964
801 #0 - Fuente de origen
País FR
Agencia cm
Reglas de catalogación (convenciones descriptivas) AFNOR
900 ## -
-- 1/22469
900 ## -
-- 7100417642\080104
942 ## - ELEMENTOS DE ENTRADA SECUNDARIOS (KOHA)
Tipo de ítem Koha Livre
996 ## -
-- MEX
-- 751145101
-- MMAG
-- 008972
-- 136.7 B565FU
-- 20231106LIV
Exemplaires
Estatus retirado Estado de daño Estado de pérdida Fecha de adquisición Biblioteca de origen Biblioteca actual Ubicación en estantería Código de barras Precio de reemplazo Signatura topográfica completa No para préstamo Tipo de ítem Koha Nota pública Nota no pública
      05/08/2025 Casa México Paris Casa México Paris   008972 05/08/2025 136.7 B565FU   Livre 20231106LIV 751145101